Las fuentes francesas para la historia de México y la Guerra de Intervención /

Historia y catálogo de los documentos relativos a la Guerra de Intervención en México encontrados en archivos franceses. Se incluye además una historia y catálogo muy general de los archivos en Europa que también contienen documentos que sirven para la historia de México.

-д хадгалсан:
Номзүйн дэлгэрэнгүй
Үндсэн зохиолч: Torre Villar, Ernesto de la (autor)
Формат: Ном
Хэл сонгох:испани
Хэвлэсэн: México : Sociedad Mexicana de Geografía y Estadística, 1962, c1962
Цуврал:(Congreso Nacional de Historia para el Estudio de la Guerra de Intervención ; 10)
Нөхцлүүд:
Шошгууд: Шошго нэмэх
Шошго байхгүй, Энэхүү баримтыг шошголох эхний хүн болох!

MARC

LEADER 00000nam^a2200000^a^4500
001 000128999
005 20250521000000.0
009 20260310094858.514
037 |a Acervo ITESO - Biblioteca 
041 |a ESP 
082 |a 972. 048  |b TOR 
100 |a Torre Villar, Ernesto de la  |e (autor) 
245 1 4 |a Las fuentes francesas para la historia de México y la Guerra de Intervención /  |c E. de la Torre Villar. 
264 4 |a México :  |b Sociedad Mexicana de Geografía y Estadística,  |c 1962, c1962 
300 |a 124 p. 
336 |a texto  |b txt  |2 rdacontenido 
337 |a sin mediación  |b n  |2 rdamedio 
338 |a volumen  |b nc  |2 rdasoporte 
440 1 |a (Congreso Nacional de Historia para el Estudio de la Guerra de Intervención ;  |v 10) 
520 |a Historia y catálogo de los documentos relativos a la Guerra de Intervención en México encontrados en archivos franceses. Se incluye además una historia y catálogo muy general de los archivos en Europa que también contienen documentos que sirven para la historia de México. 
649 |a XX 
650 |a México -  |x Historia -  |y Intervención y Segundo Imperio, 1861-1867 
650 |a México -  |x Historia -  |y Siglo XIX 
650 |a México -  |x Historia -  |x Documentos 
650 |a Catálogos de Archivos -  |z Francia 
650 |a Catálogos de Archivos -  |z Europa 
650 |a Archivos -  |z Francia -  |x Historia 
650 |a Archivos -  |z Europa -  |x Historia 
910 |a Fondo Salvador Reynoso Reynoso 
920 |a Impresos - Libros 
930 |a Fondos Especiales 
905 |a 112 
901 |a 0800010925  |b IT2  |c ESP  |u 20250521 
901 |a 0800011012  |b IT2  |c ESP  |u 20250521 
902 |a https://opac.biblio.iteso.mx/vufind/Record/000128999